[Event "Edmonton 14th"]
[Site "Edmonton"]
[Date "2019.06.22"]
[Round "7"]
[White "Balakrishnan, Praveen"]
[Black "Porper, Edward"]
[Result "1/2-1/2"]
[WhiteElo "2428"]
[BlackElo "2382"]
[PlyCount "64"]
[EventDate "2019.06.18"]
[EventType "tourn"]
[EventRounds "9"]
[EventCountry "CAN"]
[EventCategory "5"]
[SourceTitle "CBM 191 Extra"]
[Source "ChessBase"]
[SourceDate "2019.09.30"]
[SourceVersion "1"]
[SourceVersionDate "2019.09.30"]
[SourceQuality "1"]

1. d4 d5 2. c4 c6 3. Nf3 Nf6 4. Nc3 e6 5. e3 Nbd7 6. Bd2 b6 7. Bd3 Bb7 8. 0-0 Be7 9. Qe2 0-0 10. Rfd1 dxc4 11. Bxc4 c5 12. Ba6 Qc8 13. Bxb7 Qxb7 14. e4 cxd4 15. Nxd4 Nc5 16. f3 Rfd8 17. Be3 Rac8 18. Rac1 a6 19. b4 Ncd7 20. b5 axb5 21. Ndxb5 Nc5 22. Bd4 Qb8 23. Rb1 Rd7 24. Kh1 Rcd8 25. Bxc5 Bxc5 26. Na4 Qe5 27. Rxd7 Rxd7 28. Rd1 h5 29. Rxd7 Nxd7 30. Qd1 h4 31. Nxc5 Qxc5 32. a4 Nf6 1/2-1/2

[Event "Edmonton 14th"]
[Site "Edmonton"]
[Date "2019.06.19"]
[Round "2"]
[White "Porper, Edward"]
[Black "Zierk, Steven C"]
[Result "1/2-1/2"]
[WhiteElo "2382"]
[BlackElo "2501"]
[PlyCount "88"]
[EventDate "2019.06.18"]
[EventType "tourn"]
[EventRounds "9"]
[EventCountry "CAN"]
[EventCategory "5"]
[SourceTitle "CBM 191 Extra"]
[Source "ChessBase"]
[SourceDate "2019.09.30"]
[SourceVersion "1"]
[SourceVersionDate "2019.09.30"]
[SourceQuality "1"]

1. d4 Nf6 2. c4 e6 3. Nf3 Bb4+ 4. Bd2 Qe7 5. g3 b6 6. Bg2 Bb7 7. 0-0 Bxd2 8. Qxd2 0-0 9. Nc3 d6 10. d5 a5 11. Nd4 Na6 12. e4 Nc5 13. Rfe1 Rfe8 14. b3 Qf8 15. h3 g6 16. Rab1 Red8 17. a3 e5 18. Ndb5 c6 19. dxc6 Bxc6 20. b4 Bxb5 21. Nxb5 Ne6 22. Qe3 Rdb8 23. Red1 Ne8 24. h4 N6c7 25. Nxc7 Nxc7 26. Bh3 axb4 27. axb4 Qe7 28. Qd3 Rd8 29. Ra1 Na6 30. Qb3 Qb7 31. Ra3 h5 32. Rda1 Nc7 33. Qd3 Rxa3 34. Rxa3 Qc6 35. Ra7 Ra8 36. Rxa8+ Nxa8 37. b5 Qc5 38. Qd5 Nc7 39. Qxc5 dxc5 40. f4 exf4 41. gxf4 f6 42. Kf2 Kf7 43. Ke3 Ne8 44. e5 f5 1/2-1/2

[Event "Edmonton 14th"]
[Site "Edmonton"]
[Date "2019.06.18"]
[Round "1"]
[White "Porper, Edward"]
[Black "Daggupati, Balaji"]
[Result "1/2-1/2"]
[WhiteElo "2382"]
[BlackElo "2331"]
[PlyCount "79"]
[EventDate "2019.06.18"]
[EventType "tourn"]
[EventRounds "9"]
[EventCountry "CAN"]
[EventCategory "5"]
[SourceTitle "CBM 191 Extra"]
[Source "ChessBase"]
[SourceDate "2019.09.30"]
[SourceVersion "1"]
[SourceVersionDate "2019.09.30"]
[SourceQuality "1"]

1. d4 d5 2. c4 c6 3. Nf3 Nf6 4. Nc3 dxc4 5. e4 b5 6. Be2 e6 7. 0-0 Be7 8. a4 b4 9. e5 bxc3 10. exf6 Bxf6 11. bxc3 0-0 12. Ne5 Bxe5 13. dxe5 Qa5 14. Ba3 Rd8 15. Bd6 Nd7 16. Qd4 Nb6 17. f4 Nd5 18. Bxc4 Qxc3 19. Qxc3 Nxc3 20. Bd3 a5 21. Rfc1 Nd5 22. g3 Ba6 23. Be4 Rdc8 24. Rc5 Bb7 25. Rb1 Ra7 26. Bxd5 exd5 27. Kf2 f5 28. e6 Re8 29. e7 Kf7 30. Rcc1 Rxe7 31. Bxe7 Kxe7 32. Ke3 Kd6 33. Kd4 Ba6 34. Rb6 Bc4 35. Re1 Ra8 36. h4 g6 37. Re5 Rf8 38. Re1 Ra8 39. Re5 Rf8 40. Re1 1/2-1/2

[Event "Wch Seniors 50 28th"]
[Site "Bled"]
[Date "2018.11.26"]
[Round "8"]
[White "Porper, Edward"]
[Black "Plotkin, Victor"]
[Result "1-0"]
[WhiteElo "2377"]
[BlackElo "2307"]
[PlyCount "85"]
[EventDate "2018.11.18"]
[EventType "swiss"]
[EventRounds "11"]
[EventCountry "SLO"]
[SourceTitle "CBM 187 Extra"]
[Source "ChessBase"]
[SourceDate "2018.11.04"]
[SourceVersion "1"]
[SourceVersionDate "2018.11.04"]
[SourceQuality "1"]

1. d4 Nf6 2. c4 e6 3. Nf3 d5 4. Nc3 c6 5. Bg5 Nbd7 6. e3 Qa5 7. Nd2 dxc4 8. Bxf6 Nxf6 9. Nxc4 Qc7 10. Be2 Be7 11. a3 0-0 12. 0-0 b6 13. b4 Bb7 14. Bf3 Rac8 15. Qb3 Nd5 16. Ne4 f5 17. Ned2 c5 18. dxc5 bxc5 19. b5 g5 20. g3 Kg7 21. a4 h5 22. a5 h4 23. b6 axb6 24. axb6 Qb8 25. Ra7 Rf7 26. Na5 Bf6 27. Nxb7 Rxb7 28. Bxd5 exd5 29. Qxd5 Rxa7 30. bxa7 Qxa7 31. Qxf5 Rc6 32. Ne4 Qe7 33. Rd1 Re6 34. Nxf6 Qxf6 35. Rd7+ Re7 36. Qxf6+ Kxf6 37. Rxe7 Kxe7 38. gxh4 gxh4 39. Kf1 h3 40. e4 Kd6 41. f4 c4 42. Ke2 Kc5 43. e5 1-0

[Event "Wch Seniors 50 28th"]
[Site "Bled"]
[Date "2018.11.23"]
[Round "6"]
[White "Porper, Edward"]
[Black "Mannion, Stephen R"]
[Result "1/2-1/2"]
[WhiteElo "2377"]
[BlackElo "2286"]
[PlyCount "50"]
[EventDate "2018.11.18"]
[EventType "swiss"]
[EventRounds "11"]
[EventCountry "SLO"]
[SourceTitle "CBM 187 Extra"]
[Source "ChessBase"]
[SourceDate "2018.11.04"]
[SourceVersion "1"]
[SourceVersionDate "2018.11.04"]
[SourceQuality "1"]

1. Nf3 d5 2. g3 Nf6 3. Bg2 c6 4. 0-0 Bf5 5. c4 e6 6. cxd5 exd5 7. d3 h6 8. Qb3 Qb6 9. Qc2 Be7 10. Nc3 0-0 11. e4 Bh7 12. Qe2 Re8 13. e5 Nfd7 14. d4 Nf8 15. Be3 Ne6 16. Qd2 Nd7 17. Bh3 Rad8 18. Rac1 Be4 19. Nxe4 dxe4 20. d5 Ndc5 21. d6 exf3 22. Bxe6 Bg5 23. Bxg5 hxg5 24. Bg4 Rxe5 25. Bxf3 Ne6 1/2-1/2

[Event "Wch Seniors 50 28th"]
[Site "Bled"]
[Date "2018.11.21"]
[Round "4"]
[White "Porper, Edward"]
[Black "Petran, Peter"]
[Result "1-0"]
[WhiteElo "2377"]
[BlackElo "2256"]
[PlyCount "131"]
[EventDate "2018.11.18"]
[EventType "swiss"]
[EventRounds "11"]
[EventCountry "SLO"]
[SourceTitle "CBM 187 Extra"]
[Source "ChessBase"]
[SourceDate "2018.11.04"]
[SourceVersion "1"]
[SourceVersionDate "2018.11.04"]
[SourceQuality "1"]

1. d4 g6 2. c4 f5 3. g3 Bg7 4. Nf3 d6 5. Bg2 c6 6. Nc3 Nh6 7. 0-0 0-0 8. e4 Na6 9. Re1 fxe4 10. Nxe4 Bg4 11. Neg5 Nc7 12. h3 Bd7 13. g4 Nf7 14. d5 Nxg5 15. Bxg5 Bf6 16. Bh6 Re8 17. Nd4 c5 18. Ne6 Bxe6 19. dxe6 Bg7 20. Bxg7 Kxg7 21. b4 cxb4 22. Bxb7 Rb8 23. Qd4+ Kg8 24. Qxa7 Rf8 25. Bg2 Ne8 26. c5 dxc5 27. Qxc5 Nd6 28. Rad1 Qb6 29. Qxb6 Rxb6 30. Rd4 Kg7 31. Bd5 g5 32. Kg2 h6 33. Rb1 Rfb8 34. Kg3 Rb5 35. f3 R5b6 36. Rc1 Rc8 37. Rxc8 Nxc8 38. Bb3 Nd6 39. f4 Kf6 40. h4 Nb7 41. hxg5+ hxg5 42. fxg5+ Kxg5 43. Rd5+ Kg6 44. Kf4 Nd6 45. Rg5+ Kh7 46. Rc5 Rb7 47. g5 Kg7 48. Rc6 Nb5 49. Rc8 Nd4 50. Rd8 Nxb3 51. axb3 Rb6 52. Re8 Rxe6 53. Rb8 Re1 54. Rxb4 Rf1+ 55. Ke4 Re1+ 56. Kd5 e6+ 57. Kd6 Kg6 58. Rb5 Re3 59. b4 Re4 60. Rb8 Kxg5 61. b5 Kf6 62. Rf8+ Kg7 63. Rf3 Rb4 64. Kc5 Rb1 65. Rf4 e5 66. Rb4 1-0

[Event "Wch Seniors 50 28th"]
[Site "Bled"]
[Date "2018.11.18"]
[Round "1"]
[White "Theuer, Carsten"]
[Black "Porper, Edward"]
[Result "0-1"]
[WhiteElo "1989"]
[BlackElo "2377"]
[PlyCount "46"]
[EventDate "2018.11.18"]
[EventType "swiss"]
[EventRounds "11"]
[EventCountry "SLO"]
[SourceTitle "CBM 187 Extra"]
[Source "ChessBase"]
[SourceDate "2018.11.04"]
[SourceVersion "1"]
[SourceVersionDate "2018.11.04"]
[SourceQuality "1"]

1. e4 d6 2. d4 Nf6 3. Nc3 e5 4. dxe5 dxe5 5. Qxd8+ Kxd8 6. a3 Be6 7. Nf3 Bd6 8. Bg5 Nbd7 9. 0-0-0 Kc8 10. h3 a6 11. Be2 b5 12. b4 Ne8 13. Be3 f6 14. Ne1 c6 15. Nd3 g6 16. g4 a5 17. Kb2 Bc4 18. bxa5 Rxa5 19. Nb4 Bxe2 20. Nxe2 Kc7 21. Rd2 Be7 22. Rhd1 Nd6 23. Kb3 Rha8 0-1

[Event "PRO League Stage"]
[Site "Chess.com INT"]
[Date "2018.02.28"]
[Round "8"]
[White "Porper, Edward"]
[Black "Hjartarson, Johann"]
[Result "0-1"]
[WhiteElo "2377"]
[BlackElo "2536"]
[PlyCount "120"]
[EventDate "2018.01.18"]
[EventType "team-swiss (rapid)"]
[EventRounds "9"]
[EventCountry "USA"]
[SourceTitle "EXT 2019"]
[Source "ChessBase"]
[SourceDate "2018.10.10"]
[SourceVersion "1"]
[SourceVersionDate "2018.10.10"]
[SourceQuality "1"]
[WhiteTeam "London Lions"]
[BlackTeam "Reykjavik Puffins"]
[WhiteTeamCountry "ENG"]
[BlackTeamCountry "ISL"]

1. d4 f5 2. Nf3 Nf6 3. g3 g6 4. Bg2 Bg7 5. 0-0 0-0 6. b3 d6 7. Bb2 c6 8. Nbd2 Na6 9. Ne1 e5 10. dxe5 Nd7 11. Nc4 d5 12. e6 Nf6 13. Ne5 Bxe6 14. N1d3 Ne4 15. Nf3 Bxb2 16. Nxb2 c5 17. Nd3 Qf6 18. Qc1 d4 19. Qf4 Rae8 20. Rfe1 Bd5 21. h4 Nc3 22. Nfe5 Bxg2 23. Kxg2 Nc7 24. Nf3 N7d5 25. Qg5 b6 26. Qxf6 Rxf6 27. Ng1 Rfe6 28. Kf1 Kg7 29. a4 a5 30. Nb2 h6 31. Nd1 Ne4 32. Kg2 Kf6 33. Nb2 Nec3 34. Kf1 g5 35. hxg5+ hxg5 36. Nd1 Ne4 37. Nb2 g4 38. Nc4 Nec3 39. e3 dxe3 40. fxe3 Nxe3+ 41. Nxe3 Rxe3 42. Rxe3 Rxe3 43. Kf2 Re8 44. Rf1 Kg5 45. Kg2 Rd8 46. Rf2 Rd1 47. Rf1 Rxf1 48. Kxf1 f4 49. gxf4+ Kxf4 50. Kf2 Ne4+ 51. Ke2 g3 52. Nh3+ Kg4 53. Ng1 Nf6 54. Ke3 Nd5+ 55. Ke4 Nf4 56. c3 g2 57. c4 Kg3 58. Ke3 Ne6 59. Ke4 Nd4 60. Kd5 Kh2 0-1

[Event "Edmonton 12th"]
[Site "Edmonton"]
[Date "2017.06.25"]
[Round "9"]
[White "Porper, Edward"]
[Black "Arruebarrena Rodriguez, Rafael"]
[Result "1/2-1/2"]
[WhiteElo "2383"]
[BlackElo "2232"]
[PlyCount "40"]
[EventDate "2017.06.20"]
[EventType "swiss"]
[EventRounds "9"]
[EventCountry "CAN"]
[SourceTitle "EXT 2019"]
[Source "ChessBase"]
[SourceDate "2018.10.10"]
[SourceVersion "1"]
[SourceVersionDate "2018.10.10"]
[SourceQuality "1"]

1. d4 Nf6 2. c4 e6 3. Nf3 d5 4. Nc3 Be7 5. Bf4 0-0 6. e3 c5 7. dxc5 Bxc5 8. a3 Nc6 9. cxd5 exd5 10. Bd3 Bg4 11. 0-0 d4 12. Ne4 Nxe4 13. Bxe4 dxe3 14. fxe3 Qxd1 15. Raxd1 Rfe8 16. Bd5 Bxe3+ 17. Bxe3 Rxe3 18. Bxf7+ Kxf7 19. Ne5+ Kg8 20. Nxg4 Re7 1/2-1/2

[Event "Edmonton 12th"]
[Site "Edmonton"]
[Date "2017.06.24"]
[Round "7"]
[White "Porper, Edward"]
[Black "Ng, Gary"]
[Result "1/2-1/2"]
[WhiteElo "2383"]
[BlackElo "2221"]
[PlyCount "90"]
[EventDate "2017.06.20"]
[EventType "swiss"]
[EventRounds "9"]
[EventCountry "CAN"]
[SourceTitle "EXT 2019"]
[Source "ChessBase"]
[SourceDate "2018.10.10"]
[SourceVersion "1"]
[SourceVersionDate "2018.10.10"]
[SourceQuality "1"]

1. d4 Nf6 2. c4 e6 3. Nf3 b6 4. Nc3 Bb4 5. Qb3 c5 6. Bg5 h6 7. Bh4 g5 8. Bg3 Ne4 9. e3 Bb7 10. Rd1 0-0 11. a3 cxd4 12. axb4 dxc3 13. bxc3 Nxg3 14. hxg3 Qf6 15. Be2 Rd8 16. 0-0 Nc6 17. Rd2 d6 18. Rfd1 Qe7 19. Nd4 d5 20. cxd5 Nxd4 21. Rxd4 Bxd5 22. c4 Bb7 23. Qd3 Rxd4 24. Qxd4 e5 25. Qd7 Qxd7 26. Rxd7 Be4 27. b5 a5 28. bxa6 Rxa6 29. Bh5 Ra1+ 30. Kh2 Bg6 31. Bxg6 fxg6 32. Re7 Rc1 33. Rxe5 Rxc4 34. Re6 Kf7 35. Rxb6 Rc2 36. f3 g4 37. fxg4 Re2 38. Rb3 Kf6 39. Kg1 Kg5 40. Kf1 Ra2 41. Rb4 Rc2 42. Rf4 Ra2 43. e4 Ra1+ 44. Kf2 Ra2+ 45. Kf1 Ra1+ 1/2-1/2

[Event "Edmonton 12th"]
[Site "Edmonton"]
[Date "2017.06.20"]
[Round "1"]
[White "Frialde, Arniel"]
[Black "Porper, Edward"]
[Result "0-1"]
[WhiteElo "2195"]
[BlackElo "2383"]
[PlyCount "84"]
[EventDate "2017.06.20"]
[EventType "swiss"]
[EventRounds "9"]
[EventCountry "CAN"]
[SourceTitle "EXT 2019"]
[Source "ChessBase"]
[SourceDate "2018.10.10"]
[SourceVersion "1"]
[SourceVersionDate "2018.10.10"]
[SourceQuality "1"]

1. Nf3 Nf6 2. d4 e6 3. g3 d5 4. c4 Bb4+ 5. Nbd2 0-0 6. Bg2 Nc6 7. Qc2 dxc4 8. Qxc4 Qd5 9. 0-0 Bxd2 10. Qxd5 exd5 11. Bxd2 Bg4 12. Be3 Rfe8 13. Rac1 Rac8 14. Rfe1 h6 15. h3 Bf5 16. g4 Be4 17. g5 hxg5 18. Nxg5 Bxg2 19. Kxg2 Ne4 20. Nf3 Re6 21. Kh2 f6 22. Rg1 Kf7 23. Rg2 Ne7 24. Rcg1 g5 25. Bc1 Nf5 26. e3 Rh8 27. Nd2 Nh4 28. Nxe4 dxe4 29. Rg3 Nf3+ 30. Rxf3 exf3 31. Kg3 f5 32. Kxf3 Rxh3+ 33. Ke2 g4 34. Bd2 Rh2 35. Rg3 Re4 36. Rg1 Ke6 37. a4 Kd5 38. b3 Re7 39. Rc1 g3 40. Kd3 gxf2 41. Bb4 Rg7 42. Rc5+ Ke6 0-1

[Event "Edmonton-ch"]
[Site "Edmonton"]
[Date "2015.01.29"]
[Round "2.2"]
[White "Porper, Edward"]
[Black "Cheng, Louis"]
[Result "1-0"]
[WhiteElo "2431"]
[BlackElo "1977"]
[PlyCount "97"]
[EventDate "2015.01.08"]
[EventType "k.o."]
[EventRounds "3"]
[EventCountry "CAN"]
[SourceTitle "EXT 2019"]
[Source "ChessBase"]
[SourceDate "2018.10.10"]
[SourceVersion "1"]
[SourceVersionDate "2018.10.10"]
[SourceQuality "1"]

1. d4 Nf6 2. c4 e6 3. Nf3 b6 4. g3 Bb7 5. Bg2 Bb4+ 6. Bd2 Be7 7. Nc3 d5 8. cxd5 Nxd5 9. Qa4+ Qd7 10. Qb3 Nc6 11. Nxd5 exd5 12. 0-0 0-0 13. Rac1 Bf6 14. e3 Ba6 15. Rfe1 Na5 16. Bxa5 bxa5 17. Qc3 a4 18. b3 axb3 19. axb3 Rab8 20. Qxc7 Qxc7 21. Rxc7 Rxb3 22. Rxa7 Bd3 23. Rc1 Re8 24. Rd7 Be4 25. Nd2 Rbb8 26. Bxe4 dxe4 27. Rcc7 Bd8 28. Ra7 Bb6 29. Rab7 Rxb7 30. Rxb7 Bd8 31. Rb8 f5 32. Nc4 Rf8 33. Kg2 Bf6 34. Rxf8+ Kxf8 35. f3 exf3+ 36. Kxf3 Ke7 37. d5 g5 38. g4 h5 39. gxh5 Bg7 40. e4 fxe4+ 41. Kxe4 Kf6 42. Ne5 Ke7 43. Kf5 Kd6 44. Nf7+ Kxd5 45. h6 Bd4 46. h7 g4 47. h8Q Bxh8 48. Nxh8 Kd6 49. Ng6 1-0

[Event "Calgary Alberta op"]
[Site "Calgary"]
[Date "2014.10.11"]
[Round "2.1"]
[White "Robichaud, Martin"]
[Black "Porper, Edward"]
[Result "0-1"]
[WhiteElo "2193"]
[BlackElo "2427"]
[PlyCount "76"]
[EventDate "2014.10.11"]
[EventType "swiss"]
[EventRounds "6"]
[EventCountry "CAN"]
[SourceTitle "EXT 2022"]
[Source "ChessBase"]
[SourceDate "2021.10.06"]
[SourceVersion "1"]
[SourceVersionDate "2021.10.06"]
[SourceQuality "1"]

1. e4 e5 2. Nf3 d6 3. d4 exd4 4. Nxd4 Nf6 5. Nc3 Be7 6. Be2 0-0 7. 0-0 Re8 8. Bf4 Bf8 9. Bf3 Nbd7 10. Re1 Ne5 11. Nd5 c6 12. Nxf6+ Qxf6 13. Bxe5 Rxe5 14. c3 g6 15. Qb3 h5 16. Re3 Bh6 17. Rd3 Qe7 18. Qd1 Bf8 19. c4 Bg4 20. Re3 Re8 21. Qd3 Bxf3 22. Nxf3 Rxe4 23. Rae1 Rxe3 24. Rxe3 Qd8 25. g3 Rxe3 26. Qxe3 a6 27. b3 Qe7 28. Qf4 Bg7 29. h4 Be5 30. Qh6 Bf6 31. Qf4 Kg7 32. g4 hxg4 33. Qxg4 Qe2 34. h5 Qxa2 35. Ng5 Qa1+ 36. Kg2 Bxg5 37. Qxg5 Qe5 38. h6+ Kh7 0-1

[Event "Red Deer Battle of Alberta"]
[Site "Red Deer"]
[Date "2014.09.13"]
[Round "2.1"]
[White "Kazmaier, Daniel"]
[Black "Porper, Edward"]
[Result "0-1"]
[WhiteElo "2298"]
[BlackElo "2485"]
[PlyCount "102"]
[EventDate "2014.09.13"]
[EventType "team-match"]
[EventRounds "2"]
[EventCountry "CAN"]
[SourceTitle "EXT 2022"]
[Source "ChessBase"]
[SourceDate "2021.10.06"]
[SourceVersion "1"]
[SourceVersionDate "2021.10.06"]
[SourceQuality "1"]
[WhiteTeam "South"]
[BlackTeam "North"]
[WhiteTeamCountry "CAN"]
[BlackTeamCountry "CAN"]

1. Nf3 Nf6 2. c4 e6 3. g3 d5 4. d4 Bb4+ 5. Bd2 Be7 6. Bg2 0-0 7. 0-0 c6 8. Nc3 Nbd7 9. c5 Ne4 10. Nxe4 dxe4 11. Ne1 f5 12. b4 Nf6 13. e3 Nd5 14. f3 exf3 15. Nxf3 Bf6 16. Qc2 Ne7 17. Kh1 Ng6 18. Bc3 Bd7 19. e4 Kh8 20. h4 fxe4 21. Qxe4 Qc7 22. h5 Ne7 23. g4 h6 24. Ne5 Bxe5 25. dxe5 Kg8 26. Bd2 Rae8 27. Kg1 Qd8 28. Rxf8+ Rxf8 29. Bf1 Be8 30. Bd3 Rf7 31. Rf1 Qd5 32. Rxf7 Bxf7 33. a4 Qa2 34. Be3 Qxa4 35. Qh7+ Kf8 36. g5 Qd1+ 37. Kf2 Bxh5 38. Qe4 hxg5 39. Bxg5 Nf5 40. Bc4 Bf7 41. b5 Qd4+ 42. Qxd4 Nxd4 43. b6 axb6 44. cxb6 Nb5 45. Be3 Ke8 46. Bc5 Kd7 47. Ke3 Nc3 48. Bb3 Bh5 49. Bd4 Nd5+ 50. Kf2 Nb4 51. Kg3 Bg6 0-1

[Event "Alberta-ch"]
[Site "Edmonton "]
[Date "2014.04.20"]
[Round "5"]
[White "Haessel, Dale R"]
[Black "Porper, Edward"]
[Result "0-1"]
[WhiteElo "2198"]
[BlackElo "2438"]
[PlyCount "90"]
[EventDate "2014.04.18"]
[EventType "tourn"]
[EventRounds "5"]
[EventCountry "CAN"]
[EventCategory "1"]
[SourceTitle "EXT 2016"]
[Source "ChessBase"]
[SourceDate "2015.10.08"]
[SourceVersion "1"]
[SourceVersionDate "2015.10.08"]
[SourceQuality "1"]

1. d4 Nf6 2. c4 e6 3. Nc3 Bb4 4. Qc2 Nc6 5. Nf3 d6 6. g3 0-0 7. Bg2 e5 8. dxe5 dxe5 9. 0-0 Bxc3 10. Qxc3 e4 11. Ng5 Re8 12. Be3 Bf5 13. Nh3 Ng4 14. Rad1 Qe7 15. Bc1 Nb4 16. Bg5 f6 17. Bd2 c5 18. f3 Ne5 19. a3 Nbc6 20. Nf4 exf3 21. exf3 Nd4 22. Rfe1 Qf7 23. Nd5 Nd3 24. Rxe8+ Rxe8 25. Kf1 Qh5 26. Be3 Nxf3 27. Rxd3 Nxh2+ 28. Kg1 Nf3+ 29. Bxf3 Qxf3 30. Rd2 Be4 31. Nf4 Qxg3+ 32. Kf1 Bf5 33. Nd5 Qf3+ 34. Ke1 Qh1+ 35. Kf2 Be4 36. Nf4 Qf3+ 37. Ke1 h5 38. Rf2 Qg4 39. Nd5 Bxd5 40. cxd5 Qe4 41. Re2 Qh1+ 42. Kf2 Re5 43. Qd3 Qxd5 44. Qg6 Rf5+ 45. Ke1 Qe4 0-1

[Event "Alberta-ch"]
[Site "Edmonton "]
[Date "2014.04.19"]
[Round "3"]
[White "Porper, Edward"]
[Black "Wang, Richard"]
[Result "1/2-1/2"]
[WhiteElo "2438"]
[BlackElo "2368"]
[PlyCount "38"]
[EventDate "2014.04.18"]
[EventType "tourn"]
[EventRounds "5"]
[EventCountry "CAN"]
[EventCategory "1"]
[SourceTitle "EXT 2016"]
[Source "ChessBase"]
[SourceDate "2015.10.08"]
[SourceVersion "1"]
[SourceVersionDate "2015.10.08"]
[SourceQuality "1"]

1. Nf3 d5 2. b3 Bg4 3. e3 e5 4. h3 Bxf3 5. Qxf3 Nc6 6. Bb2 Qd6 7. Bb5 Nge7 8. 0-0 a6 9. Bxc6+ Nxc6 10. Nc3 Rd8 11. Qg3 Qg6 12. Qxg6 hxg6 13. Ne2 d4 14. exd4 exd4 15. Rfe1 Be7 16. Nf4 0-0 17. Nd3 Rfe8 18. Re2 Bd6 19. Rae1 Kf8 1/2-1/2

[Event "Alberta-ch"]
[Site "Edmonton "]
[Date "2014.04.18"]
[Round "1"]
[White "Porper, Edward"]
[Black "Yam, Alex"]
[Result "1-0"]
[WhiteElo "2438"]
[BlackElo "2278"]
[PlyCount "73"]
[EventDate "2014.04.18"]
[EventType "tourn"]
[EventRounds "5"]
[EventCountry "CAN"]
[EventCategory "1"]
[SourceTitle "EXT 2016"]
[Source "ChessBase"]
[SourceDate "2015.10.08"]
[SourceVersion "1"]
[SourceVersionDate "2015.10.08"]
[SourceQuality "1"]

1. Nf3 Nf6 2. d4 e6 3. c4 Bb4+ 4. Bd2 a5 5. g3 b6 6. Bg2 Bb7 7. 0-0 0-0 8. Bf4 Re8 9. c5 a4 10. a3 Ba5 11. Qxa4 Bd2 12. Qc2 Bxf4 13. gxf4 bxc5 14. dxc5 Nc6 15. Nc3 Ne7 16. Nh4 Bxg2 17. Nxg2 Qb8 18. b4 Ned5 19. Ne4 Nxe4 20. Qxe4 c6 21. Qf3 f5 22. Rfd1 Ra7 23. Rab1 e5 24. b5 Rb7 25. b6 exf4 26. Rxd5 cxd5 27. Qxd5+ Kh8 28. a4 d6 29. Qxd6 Qxd6 30. cxd6 g5 31. a5 Ra8 32. Rb5 Kg7 33. Ne1 Rab8 34. Nd3 Rd7 35. a6 f3 36. exf3 Rxd6 37. a7 1-0

[Event "Bay Area op"]
[Site "Santa Clara"]
[Date "2014.01.05"]
[Round "6"]
[White "Manvelyan, Hayk"]
[Black "Porper, Edward"]
[Result "1/2-1/2"]
[WhiteElo "2282"]
[BlackElo "2446"]
[PlyCount "74"]
[EventDate "2014.01.02"]
[EventType "swiss"]
[EventRounds "9"]
[EventCountry "USA"]
[SourceTitle "CBM 158 Extra"]
[Source "ChessBase"]
[SourceDate "2014.02.28"]
[SourceVersion "1"]
[SourceVersionDate "2014.02.28"]
[SourceQuality "1"]

1. d4 Nf6 2. c4 e6 3. g3 Bb4+ 4. Bd2 a5 5. Bg2 d6 6. a3 Bxd2+ 7. Nxd2 a4 8. e4 e5 9. d5 Nbd7 10. Ne2 Nc5 11. 0-0 0-0 12. Qc2 Bd7 13. Nc3 Qb8 14. f4 Qa7 15. Kh1 Ng4 16. Rae1 f5 17. h3 Nh6 18. fxe5 dxe5 19. Kh2 Rae8 20. exf5 Nxf5 21. Nde4 Nxe4 22. Nxe4 Ne3 23. Rxf8+ Rxf8 24. Qe2 Nxg2 25. Kxg2 Bf5 26. Nf2 Qc5 27. Qxe5 Qxc4 28. Re3 Qc2 29. Re2 Qc5 30. Ne4 Bxe4+ 31. Qxe4 Qc1 32. Qe6+ Kh8 33. Qf7 Qc5 34. Re8 Qc2+ 35. Kh1 Qc1+ 36. Kh2 Qxb2+ 37. Kh1 Qc1+ 1/2-1/2

[Event "Bay Area op"]
[Site "Santa Clara"]
[Date "2014.01.04"]
[Round "4"]
[White "Haessel, Dale R"]
[Black "Porper, Edward"]
[Result "0-1"]
[WhiteElo "2211"]
[BlackElo "2446"]
[PlyCount "66"]
[EventDate "2014.01.02"]
[EventType "swiss"]
[EventRounds "9"]
[EventCountry "USA"]
[SourceTitle "CBM 158 Extra"]
[Source "ChessBase"]
[SourceDate "2014.02.28"]
[SourceVersion "1"]
[SourceVersionDate "2014.02.28"]
[SourceQuality "1"]

1. Nf3 Nf6 2. c4 e6 3. Nc3 Bb4 4. Qc2 d6 5. a3 Bxc3 6. Qxc3 e5 7. d3 0-0 8. e3 Re8 9. b4 a5 10. Bb2 Nc6 11. Be2 Bg4 12. h3 Bh5 13. g4 Bg6 14. b5 Nb8 15. Nd2 d5 16. 0-0-0 c6 17. h4 d4 18. Qc2 h5 19. g5 dxe3 20. fxe3 Nfd7 21. a4 Nc5 22. Nf1 Nbd7 23. Ba3 Qb6 24. Kb2 Rad8 25. Ka2 Nf8 26. Ng3 Nfe6 27. Rhf1 Rd7 28. Bb2 Red8 29. e4 Nd4 30. Bxd4 Rxd4 31. Bxh5 Nxd3 32. Ka1 Bxh5 33. Nxh5 Qc5 0-1

[Event "Bay Area op"]
[Site "Santa Clara"]
[Date "2014.01.02"]
[Round "1"]
[White "Porper, Edward"]
[Black "Coraretti, Benjamin J"]
[Result "1-0"]
[WhiteElo "2446"]
[BlackElo "2170"]
[PlyCount "79"]
[EventDate "2014.01.02"]
[EventType "swiss"]
[EventRounds "9"]
[EventCountry "USA"]
[SourceTitle "CBM 158 Extra"]
[Source "ChessBase"]
[SourceDate "2014.02.28"]
[SourceVersion "1"]
[SourceVersionDate "2014.02.28"]
[SourceQuality "1"]

1. Nf3 d5 2. g3 Nf6 3. Bg2 c6 4. 0-0 Bg4 5. c4 e6 6. d3 Bd6 7. Qb3 Qc7 8. d4 Nbd7 9. Nc3 0-0 10. Nd2 b5 11. cxb5 Rab8 12. a4 c5 13. e3 cxd4 14. exd4 Qb6 15. Nf3 Bxf3 16. Bxf3 Qxd4 17. Be3 Nc5 18. Qa3 Qc4 19. Be2 Nb7 20. Bxc4 Bxa3 21. Rxa3 dxc4 22. Bxa7 Ra8 23. Bd4 Rfd8 24. Bxf6 gxf6 25. Rd1 Na5 26. Kf1 Kf8 27. Ke2 f5 28. Raa1 Ke7 29. Rxd8 Rxd8 30. Rd1 Rxd1 31. Kxd1 Kd6 32. Kc2 Kc5 33. Na2 e5 34. Kc3 Nb3 35. Nb4 Nd4 36. Nc6 Nf3 37. Na5 Nxh2 38. Nxc4 e4 39. b4+ Kd5 40. a5 1-0

[Event "Quebec-ch op"]
[Site "Montreal"]
[Date "2013.07.27"]
[Round "8"]
[White "Porper, Edward"]
[Black "Voskanyan, Vahagn"]
[Result "1-0"]
[WhiteElo "2453"]
[BlackElo "2241"]
[PlyCount "107"]
[EventDate "2013.07.21"]
[EventType "swiss"]
[EventRounds "9"]
[EventCountry "CAN"]
[SourceTitle "EXT 2014"]
[Source "ChessBase"]
[SourceDate "2013.11.20"]
[SourceVersion "1"]
[SourceVersionDate "2013.11.20"]
[SourceQuality "1"]

1. d4 d5 2. c4 c6 3. Nc3 e5 4. dxe5 d4 5. Ne4 Qa5+ 6. Nd2 Qxe5 7. Ngf3 Qc5 8. a3 a5 9. Nb3 Qxc4 10. Nbxd4 Qd5 11. g3 Nf6 12. Bg2 Bc5 13. 0-0 0-0 14. Bg5 Ne4 15. Nb3 Qxd1 16. Raxd1 Nxg5 17. Nxc5 Nxf3+ 18. Bxf3 Na6 19. Ne4 Be6 20. Nd6 Rab8 21. e4 f6 22. Be2 Nc7 23. Nc4 Ra8 24. f4 Rfd8 25. Nb6 Rab8 26. Kf2 g6 27. g4 Kg7 28. Ke3 g5 29. f5 Bb3 30. Rd7+ Rxd7 31. Nxd7 Re8 32. Nc5 a4 33. Nxb3 axb3 34. Rd1 Re7 35. Bc4 h5 36. h3 hxg4 37. hxg4 Kf8 38. Rd8+ Ne8 39. Bxb3 Rh7 40. Be6 Rh3+ 41. Kd4 Rh2 42. Rd7 Rd2+ 43. Kc5 Rc2+ 44. Kb4 Ng7 45. Rf7+ Kg8 46. Rxf6+ Nxe6 47. Rxe6 Kf7 48. Rg6 Re2 49. Rxg5 Rxe4+ 50. Kc5 Re2 51. b4 Ra2 52. Rh5 Kg7 53. Rh3 Rd2 54. Kb6 1-0